000
00337nam a2200133Ia 4500
008
240624s9999 xx 000 0 und d
041
_a
eng
082
_a
200 SAN
100
_a
SANTIDEVA
245
_a
BODHICARYAVATARA
260
_c
2008
_a
New Delhi
_b
Oxford University press
300
_a
xlviii, : 191 : p. : cm. ; 19
365
_c
RS
_b
30
999
_c
14555
_d
14555